000 00581cam a22002294a 4500
001 15297415
005 20180823080628.0
008 080520s2008 enka d 000 0 eng
010 _a 2008273635
020 _a9780199204625
040 _aDLC
_cDLC
041 _aeng
080 _a570.3
082 0 0 _a570.3
_222
100 _a11
101 _aBIO
245 0 2 _aA dictionary of biology.
246 3 0 _aBiology
906 _a7
_bcbc
_corigcop
_d2
_encip
_f20
_gy-gencatlg
942 _2ddc
_cBK
999 _c47275
_d47275